000 00628nam a2200181Ia 4500
008 090124s9999 xx 000 0 und d
082 _b27317
_a323
100 _aशिरकांडे रा. पि. / वराडे सु. भि.
245 _a पाणीच पाणी
250 _a0
260 _c1993
300 _a137
600 _aशिरकांडे रा. पि. / वराडे सु. भि.
630 _a पाणीच पाणी
700 _aशिरकांडे रा. पि. / वराडे सु. भि.
730 _a पाणीच पाणी
942 _cBOOK
999 _c140783
_d140783